| 000 | 01043nam a2200229 a 4500 | ||
|---|---|---|---|
| 001 | 20532 | ||
| 003 | CO-ViMGA | ||
| 008 | 141112s2004 ck r 000 u spa d | ||
| 020 | _a8479036303 | ||
| 040 |
_aCO-ViMGA _bspa _cCO-ViMGA |
||
| 082 | 0 | 4 | _a615.851 P656 |
| 100 | 1 |
_aPolonio López, Begoña; Duarte Molina, Pilar; Pedro Tarres, Pilar _929695 |
|
| 245 | 1 | 0 |
_aTerapia ocupacional en geriatría : _b15 casos prácticos |
| 260 |
_aMadrid : _bMedica panemricana, _c2001 |
||
| 300 | _a354p | ||
| 505 | _aTerapia ocupacional en los grandes síndromes geriátricos 69 - - Terapia ocupacional en patologías del aparato locomotor 131 - - Terapia ocupacional en otras patologías de alta prevalencia en el anciano 185 - - Terapia ocupacional en otros supuestos 239 | ||
| 590 | _aForma de adquisición : Compra fact.0533 - - Precio : 72000 - - Proveedor : Temas y libros - - Fecha de adquisición : Abril 2006 | ||
| 650 | 1 | 4 |
_aANCIANOS - TERAPIA OCUPACIONAL _929696 |
| 650 | 1 | 4 |
_aGERIATRIA _952759 |
| 650 | 1 | 4 | _aGERONTOLOGIA |
| 942 |
_2ddc _cBK |
||
| 999 |
_c29526 _d29526 |
||